The Legacy of William Carey (Record no. 11604)

MARC details
000 -LEADER
fixed length control field 00276nam a22000977a 4500
008 - FIXED-LENGTH DATA ELEMENTS--GENERAL INFORMATION
fixed length control field 190820b ||||| |||| 00| 0 eng d
020 ## - INTERNATIONAL STANDARD BOOK NUMBER
International Standard Book Number 9781581341126
100 ## - MAIN ENTRY--PERSONAL NAME
Personal name Mangalwadi Ruth
9 (RLIN) 7312
245 ## - TITLE STATEMENT
Title The Legacy of William Carey
260 ## - PUBLICATION, DISTRIBUTION, ETC. (IMPRINT)
Place of publication, distribution, etc. Wheaton, illinois
Name of publisher, distributor, etc. Crossway Books
Date of publication, distribution, etc. 1999
Holdings
Withdrawn status Lost status Source of classification or shelving scheme Damaged status Koha normalized classification for sorting Not for loan Home library Current library Shelving location Date acquired Full call number Barcode Date last seen Price effective from Koha item type Total Checkouts Total Renewals Checked out Date last checked out
    Dewey Decimal Classification   266_000000000000000__E9   Good Samaritan School Library Good Samaritan School Library RELIGION 08/20/2019 266 , E-9 MAN15535 08/20/2019 08/20/2019 BOOK        
    Dewey Decimal Classification   266_000000000000000_E7   Good Samaritan School Library Good Samaritan School Library RELIGION 08/20/2019 266 E-7 MAN15533 12/09/2022 08/20/2019 BOOK 1 1 12/23/2022 12/09/2022
    Dewey Decimal Classification   266_000000000000000__E9   Good Samaritan School Library Good Samaritan School Library RELIGION 08/20/2019 266 , E-9 MAN15534 08/20/2019 08/20/2019 BOOK        

Powered by Koha